Introduction to computing and programming in python / (Record no. 35257)

MARC details
000 -LEADER
fixed length control field 00527nam a22001817a 4500
005 - DATE AND TIME OF LATEST TRANSACTION
control field 20240306191113.0
008 - FIXED-LENGTH DATA ELEMENTS--GENERAL INFORMATION
fixed length control field 240306b |||||||| |||| 00| 0 eng d
020 ## - INTERNATIONAL STANDARD BOOK NUMBER
ISBN 9781292109862
082 ## - DEWEY DECIMAL CLASSIFICATION NUMBER
Classification number 005.133
Item number GUZ-I
100 ## - MAIN ENTRY--AUTHOR
Author Name Guzdial, Mark J.
245 ## - TITLE STATEMENT
Title Introduction to computing and programming in python /
Statement of responsibility, etc. Barbara Ericson
260 ## - PUBLICATION, DISTRIBUTION, ETC.
Place of Publication india:
Name of publisher, distributor, etc. Pearson;
Date of publication, distribution, etc. 2016.
300 ## - PHYSICAL DESCRIPTION
Pages xv, 521 p:
500 ## - GENERAL NOTE
General note Include index.
650 ## - SUBJECT ADDED ENTRY--TOPICAL TERM
Subject / Department computer science/programming
700 ## - ADDED ENTRY--PERSONAL NAME
Personal name Barbara Ericson
300 ## - PHYSICAL DESCRIPTION
-- ill,
-- 123 cm.
952 ## - LOCATION AND ITEM INFORMATION (KOHA)
-- 0
-- 0
952 ## - LOCATION AND ITEM INFORMATION (KOHA)
-- 0
-- 0
952 ## - LOCATION AND ITEM INFORMATION (KOHA)
-- 0
-- 0
952 ## - LOCATION AND ITEM INFORMATION (KOHA)
-- 0
-- 0
952 ## - LOCATION AND ITEM INFORMATION (KOHA)
-- 0
-- 0
Holdings
Lost status Damaged status Collection code Permanent Location Current Location Shelving Location Date acquired Full Call Number Accession No./Barcode Date last seen Copy number item type Koha item type
    CS/IT Superior Information Resource Center (SIRC) Superior University- Gold Campus Superior Information Resource Center (SIRC) Superior University- Gold Campus Programming 03/06/2024 005.133 GUZ-I 2016 16933 03/06/2024 1 BOOK BOOK
    CS/IT Superior Information Resource Center (SIRC) Superior University- Gold Campus Superior Information Resource Center (SIRC) Superior University- Gold Campus Programming 03/06/2024 005.133 GUZ-I 2016 16934 03/06/2024 2 BOOK BOOK
    CS/IT Superior Information Resource Center (SIRC) Superior University- Gold Campus Superior Information Resource Center (SIRC) Superior University- Gold Campus Programming 03/06/2024 005.133 GUZ-I 2016 16935 03/06/2024 3 BOOK BOOK
    CS/IT Superior Information Resource Center (SIRC) Superior University- Gold Campus Superior Information Resource Center (SIRC) Superior University- Gold Campus Programming 03/06/2024 005.133 GUZ-I 2016 16937 07/28/2024 4 BOOK BOOK
    CS/IT Superior Information Resource Center (SIRC) Superior University- Gold Campus Superior Information Resource Center (SIRC) Superior University- Gold Campus Programming 08/05/2024 005.133 GUZ-I 2016 16936 08/05/2024 5 BOOK BOOK

Powered by Koha